Teaching Good Learner Repertoires (Record no. 2250)

000 -LEADER
fixed length control field 00642nam a22002297a 4500
003 - CONTROL NUMBER IDENTIFIER
control field OSt
005 - DATE AND TIME OF LATEST TRANSACTION
control field 20210709080010.0
008 - FIXED-LENGTH DATA ELEMENTS--GENERAL INFORMATION
fixed length control field 210709s2013 ||||| |||| 00| 0 eng d
020 ## - INTERNATIONAL STANDARD BOOK NUMBER
International Standard Book Number 9781304290786
040 ## - CATALOGING SOURCE
Original cataloging agency eng
Language of cataloging eng
Transcribing agency DLC
041 ## - LANGUAGE CODE
Language code of text/sound track or separate title eng
080 ## - UNIVERSAL DECIMAL CLASSIFICATION NUMBER
Universal Decimal Classification number 37
Item number W-26
100 ## - MAIN ENTRY--PERSONAL NAME
9 (RLIN) 1433
Personal name Ward, Steven
Dates associated with a name author
245 ## - TITLE STATEMENT
Title Teaching Good Learner Repertoires
Statement of responsibility, etc. / by: Whole Child Consulting LLC
260 ## - PUBLICATION, DISTRIBUTION, ETC.
Place of publication, distribution, etc. Middletown, USA
Name of publisher, distributor, etc. Whole Child Consulting LLC
Date of publication, distribution, etc. 2013
300 ## - PHYSICAL DESCRIPTION
Extent 508 p.
365 ## - TRADE PRICE
Price amount 59.95 usd
650 #0 - SUBJECT ADDED ENTRY--TOPICAL TERM
9 (RLIN) 318
Topical term or geographic name entry element Education
653 ## - INDEX TERM--UNCONTROLLED
Uncontrolled term განათლება
700 ## - ADDED ENTRY--PERSONAL NAME
9 (RLIN) 1434
Personal name Grimes, Teresa
Relator term author
942 ## - ADDED ENTRY ELEMENTS (KOHA)
Source of classification or shelving scheme
Koha item type Books
Holdings
Withdrawn status Lost status Source of classification or shelving scheme Damaged status Not for loan Permanent location Current location Date acquired Inventory number Total Checkouts Full call number Barcode Date last seen Price effective from Koha item type
          Ken Walker International University Ken Walker International University 07/09/2021 2586   37 W-26 2586 07/09/2021 07/09/2021 Books

Powered by Koha